Complete the Card - WWE Unforgiven 2000 - Statistics

General Stats
  • This quiz has been taken 9 times
  • The average score is 24 of 30
Answer Stats
Answer % Correct
Chris Jericho
100%
Kane
100%
The Rock
100%
The Undertaker
100%
Triple H
100%
Bradshaw
83%
Bubba Ray Dudley
83%
Chris Benoit
83%
Christian
83%
D-Von Dudley
83%
Eddie Guerrero
83%
Edge
83%
Faarooq
83%
Jeff Hardy
83%
Kurt Angle
83%
Matt Hardy
83%
Perry Saturn
83%
Rikishi
83%
Steve Blackman
83%
Test
83%
Val Venis
83%
X-Pac
83%
Al Snow
67%
Bull Buchanan
67%
Crash Holly
67%
Steven Richards
67%
The Goodfather
67%
Jerry Lawler
50%
Tazz
50%
Funaki
33%
No matching quizzes found
Score Distribution
Percent of People with Each Score
Percentile by Number Answered
Your Score History
You have not taken this quiz